| 000 | 01102nam a2200193 a 4500 | ||
|---|---|---|---|
| 008 | 120416s1974 ||||||||||||||||| || u | ||
| 050 | _aJ 725.3.Z2 Kau | ||
| 100 | _aKaunda, Kenneth, Pres. Zambia (1964-1991) | ||
| 245 | 1 | 0 | _aHumanism in Zambia and a guide to its implementation, part II |
| 260 |
_aLusaka _bZambia Information Services _c(1974) |
||
| 300 | _axvi, 131 pages | ||
| 350 | _a0.00 | ||
| 650 | _aHUMANISM--ZAMBIA | ||
| 650 | _aHUMANISM | ||
| 995 |
_aTEXTBOOKS (SBE) _D0.00 _e2715 _FCBU-SCHOOL TEXTBOOK COLLECTIONS _H1 _I0.00 _jSCHOOL TEXTBOOK _M4 _UAVAILABLE _WNov 12, 2008 _y2715 _ZSchool Collections |
||
| 995 |
_aTEXTBOOKS (SBE) _D0.00 _e2714 _FCBU-SCHOOL TEXTBOOK COLLECTIONS _H1 _I0.00 _jSCHOOL TEXTBOOK _M3 _UAVAILABLE _WNov 12, 2008 _y2714 _ZSchool Collections |
||
| 995 |
_aMAIN LIBRARY OPEN ACCESS _D0.00 _e728547 _FCBU-MAIN LIBRARY (Kitwe) _H1 _I0.00 _jJ 725.3.Z2 Kau _M1 _UAVAILABLE _y021019 _ZMain Library Open Access Collection |
||
| 995 |
_aANNEX COLLECTION (Main Library) _D0.00 _e737451 _FCBU-MAIN LIBRARY (Kitwe) _H1 _I0.00 _jJ 725.3.Z2 KAU _M2 _UAVAILABLE _WNov 7, 2006 _y52621 _ZAnnex Low-Usage Collection |
||
| 999 |
_c76261 _d76261 |
||